Vivencia y convivencia: teoría social para una era de la información

Uloženo v:
Podrobná bibliografie
Hlavní autor: Melucci, Alberto (autor)
Médium: Kniha
Jazyk:španělština
Vydáno: Madrid Trotta 2001
Edice:Colección Estructuras y Procesos. Serie Ciencias Sociales
Témata:
Tagy: Přidat tag
Žádné tagy, Buďte první, kdo vytvoří štítek k tomuto záznamu!

MARC

LEADER 00000nam a2200000 a 4500
001 UCM1727
003 CL-VaPUC
008 020412e20010000SP |||||||||||||||||spa|d
082 0 4 |a 300.1  |b MEL  |2 21 
100 |a Melucci, Alberto  |e autor  |9 468546 
245 1 0 |a Vivencia y convivencia: teoría social para una era de la información 
300 |a 181 p 
942 |c BK 
945 |d 20020412 00:00:00  |a vberengu 
260 |a Madrid  |b Trotta  |c 2001 
650 7 |a TEORIA SOCIAL  |2 CL-VaPUC  |9 393289 
650 0 |a Sociología   |9 255410 
650 0 |a Identidad   |9 336178 
650 0 |a Ciudadanía  |9 258339 
650 0 |a Sociedad  |9 307903 
650 0 |a Identidad cultural  |9 319131 
583 |a last modification  |c 20020412 00:00:00  |k Rodrigo Vera 
490 0 |a Colección Estructuras y Procesos. Serie Ciencias Sociales 
999 |c 299973  |d 299971 
952 |0 0  |1 0  |4 0  |6 300_100000000000000_MEL_2001  |7 0  |8 A  |9 357182  |a BIBDER  |b BIBDER  |d 2019-11-21  |i 3808866  |o 300.1 MEL 2001  |p 3808866  |r 2023-01-25  |w 2019-11-21  |y BK  |k DER